000 01105nab a2200313uuc4500
001 1132773
005 20250312102921.0
008 090320s2008 spa
035 _a1132773
035 _a(OCoLC)820460890
040 _ccomduadb
041 _aspa
100 1 0 _aGarcia, Danny E.
_4aut
_eaut
_9432225
245 1 0 _aEvaluacion de dicecinueve accesiones de Leucaena leucocephala basada en la calidad nutritiva del forraje
260 _c2008.
650 _aAcacia: Leucaena leucocephala
_940387
650 _aComposición química
_919636
650 _aValor nutricional
_953044
650 _aForrajes
_922782
650 _aMetabólitos secundarios
_9130377
650 7 _aTaninos
_2lemb
_9149604
700 1 0 _aWencomo, Hilda B.
_4aut
_eaut
_9569214
700 1 0 _aGonzalez, Miriam E.
_4aut
_eaut
_9569215
700 1 0 _aMedina, Maria G.
_4aut
_eaut
_9432070
700 1 0 _aCova O., Luis J.
_4aut
_eaut
_9437369
700 1 0 _aSpengler, Iraida
_4aut
_eaut
_9559835
773 0 _tZootecnia Tropical (Maracay)
_gVol. 26, No. 01, Ene.-Mar. 2008, 9-18
_w358508
_x0798-7269
_0110375
942 _cARIMP
999 _c492996
_d492996